000 00565nam a2200217 a 4500
001 0001-2012
003 ELIB.Books
008 190611 2010 eng
020 _aKBTS
092 _a243.4
_bGor
100 _aGorbon, Bob Dr
245 _aThe Disciple's Handbook For The Spirit-Filled Life
260 _aEngland
_bSovereign World
_c1993
300 _a351
_c20 Cm
650 _aChristian Life
856 _nKBTS Library
_uKBTS Elib
942 _2ddc
_cBK
990 _a1
998 _aEnglishbooks.elf
_ccat
_e2019-06-11
999 _c12012
_d12012